书目信息 |
| 题名: |
阻燃剂
|
|
| 作者: | 欧育湘 , 李建军 编著 | |
| 分册: | ||
| 出版信息: | 北京 化学工业出版社 2006 |
|
| 页数: | 505页 | |
| 开本: | 26cm | |
| 丛书名: | ||
| 单 册: | ||
| 中图分类: | TQ569 | |
| 科图分类: | ||
| 主题词: | 阻燃剂 | |
| 电子资源: | ||
| ISBN: | 7-5025-7989-3 | |
| 000 | 00861nam0 2200253 450 | |
| 001 | 012007633184 | |
| 005 | 20070517120158.98 | |
| 010 | @a7-5025-7989-3@dCNY68.00 | |
| 100 | @a20070509d2006 km y0chiy0120 ea | |
| 101 | 0 | @achi |
| 102 | @aCN@b110000 | |
| 105 | @ay z 000yy | |
| 106 | @ar | |
| 200 | 1 | @a阻燃剂@Azu ran ji@e性能、制造及应用@f欧育湘,李建军编著@Fou yu xiang,li jian jun bian zhu |
| 210 | @a北京@c化学工业出版社@d2006 | |
| 215 | @a505页@d26cm | |
| 330 | @a本书论述了阻燃机理、各类阻燃剂的性能、制造及应用,阻燃剂物理化学性能参数的测定等以及用于阻燃剂的近代仪器分析方法。 | |
| 517 | 1 | @a性能、制造及应用@Axing neng、zhi zao ji ying yong |
| 606 | 0 | @a阻燃剂 |
| 690 | @aTQ569@v4 | |
| 701 | 0 | @a欧育湘@Aou yu xiang@f(1936.2~)@4编著 |
| 701 | 0 | @a李建军@Ali jian jun@c(材料学)@4编著 |
| 801 | 0 | @aCN@bRULIN@c20070517 |
| 905 | @dTQ569@e12@s8 | |
| 阻燃剂:性能、制造及应用/欧育湘,李建军编著.-北京:化学工业出版社,2006 |
| 505页;26cm |
| ISBN 7-5025-7989-3:CNY68.00 |
| 本书论述了阻燃机理、各类阻燃剂的性能、制造及应用,阻燃剂物理化学性能参数的测定等以及用于阻燃剂的近代仪器分析方法。 |
| ● |
| 相关链接 |
|
|
|
|
正题名:阻燃剂
索取号:TQ569/12
 
预约/预借
| 序号 | 登录号 | 条形码 | 馆藏地/架位号 | 状态 | 备注 |
| 1 | 0574959 | 205749591 | 第二样本阅览室/ [索取号:TQ569/12] | 在馆 | |
| 2 | 0574960 | 205749608 | 第三借阅区/ [索取号:TQ569/12] | 在馆 | |
| 3 | 0574961 | 205749617 | 第三借阅区/ [索取号:TQ569/12] | 在馆 | |
| 4 | 0574962 | 205749626 | 第三借阅区/ [索取号:TQ569/12] | 在馆 | |
| 5 | 0574963 | 205749635 | 第三借阅区/ [索取号:TQ569/12] | 在馆 | |
| 6 | 0574964 | 205749644 | 第三借阅区/ [索取号:TQ569/12] | 在馆 | |
| 7 | 0574965 | 205749653 | 第三借阅区/ [索取号:TQ569/12] | 在馆 | |
| 8 | 0574966 | 205749662 | 第三借阅区/ [索取号:TQ569/12] | 在馆 |